|
|
|
|
| LEADER |
01123nam a2200301 a 4500 |
| 001 |
18978 |
| 003 |
BD-DhAAL |
| 008 |
090816s2007 stka b 001 0 eng d |
| 010 |
|
|
|a 2007534882
|
| 020 |
|
|
|a 9780748620715 (pbk.)
|
| 020 |
|
|
|a 9780748620708 (hard)
|
| 040 |
|
|
|a UKM
|c UKM
|d BAKER
|d YDXCP
|d BWKUK
|d BTCTA
|d DLC
|d BD-DhAAL
|
| 082 |
0 |
0 |
|a 302.23082
|2 23
|
| 100 |
1 |
|
|a Thornham, Sue.
|9 54736
|
| 245 |
1 |
0 |
|a Women, feminism and media /
|c Sue Thornham.
|
| 260 |
|
|
|a Edinburgh :
|b Edinburgh University Press,
|c c2007.
|
| 300 |
|
|
|a 176 pages :
|b illustrations ;
|c 22 cm.
|
| 490 |
0 |
|
|a Media topics
|
| 504 |
|
|
|a Includes bibliographical references (pages [152]-168) and index.
|
| 541 |
1 |
|
|e 18978
|
| 650 |
|
0 |
|a Mass media and women.
|
| 650 |
|
0 |
|a Women in mass media.
|9 54815
|
| 650 |
|
0 |
|a Feminism and mass media.
|9 54816
|
| 830 |
|
|
|a Media topics
|9 54817
|
| 852 |
4 |
|
|a Ayesha Abed Library
|c General Stacks
|
| 942 |
|
|
|2 ddc
|c BK
|
| 999 |
|
|
|c 3114
|d 3114
|
| 952 |
|
|
|0 0
|1 0
|2 ddc
|4 0
|6 302_230000000000000_082_THO
|7 0
|9 2821
|a BIGD
|b BIGD
|c GEN
|d 2009-08-30
|l 0
|o 302.23082 THO
|p 3050018978
|r 2009-08-30
|t 1
|w 2009-08-30
|y BK
|x Transferred from BDI to BIGD.
|